000 00488nam a2200181Ia 4500
008 090123s9999 xx 000 0 und d
082 _b7120
100 _aशेकरकर मु.र.
245 _aवायरमन
250 _a1
260 _bउद्यम प्रकाशन
300 _a161
600 _aशेकरकर मु.र.
630 _aवायरमन
700 _aशेकरकर मु.र.
730 _aवायरमन
942 _cBOOK
999 _c45185
_d45185